000 00929 a2200205 4500
001 28981
005 20260407155558.0
008 260407a1980 arg spa d
003 AR-UNSa-BCEJYS
040 _aAR-UNSa-BCEJYS
_bspa
_cAR-UNSa-BCEJYS
080 _a657.23
_xCompensaciones. Correcciones. Ajustes (devaluación monetaria)
245 1 0 _aAjuste contable por infalción
_pRes. Nº 183/79 CPCECF, método simplificado
264 1 _aBuenos Aires :
_bEdiciones Macchi
_c1980
300 _a137 p.
_c23 cm.
505 _a1. Principales disposiciones de la resolución nº 183/79 CPCECF - 2. Los estados contables y la inflación - 3. Lineamientos generales del método simplificado - 4. Normas del método simplificado anexo res. nº 183/79 CPCECF - 5. Aplicación del método simplificado
942 _cBK
590 _aniveau_biblio:m niveau_hierar:0
100 1 _aSenderovich, Isaac Aizik
700 1 _aTelias, Alejandro J.
999 _c1772
_d1772